[Event "22nd ch-EUR Indiv 2022"]
[Site "Terme Catez SLO"]
[Date "2022.04.03"]
[Round "8.77"]
[White "Gaal, Zsoka"]
[Black "Holm, Kristian Stuvik"]
[Result "0-1"]
[WhiteTitle "WIM"]
[BlackTitle "IM"]
[WhiteElo "2336"]
[BlackElo "2468"]
[WhiteFideId "777765"]
[BlackFideId "1508083"]
[EventDate "2022.03.27"]

1. d4 Nf6 2. Nf3 d5 3. c4 e6 4. g3 dxc4 5. Bg2 Nbd7 6. Qa4 a6 7. Qxc4 b5 8. Qc2
Bb7 9. O-O c5 10. Nc3 Rc8 11. dxc5 Bxc5 12. a3 O-O 13. Bd2 h6 14. Rac1 Qe7 15.
Rfd1 Nb6 16. Be1 Nc4 17. Nd2 Bxg2 18. Kxg2 Nxb2 19. Qxb2 Bxa3 20. Qb3 Bxc1 21.
Rxc1 b4 22. Na2 Rxc1 23. Nxc1 a5 24. Nd3 Qb7+ 25. f3 Nd5 26. Bf2 Qb5 27. e4 Nc3
28. Qc4 Rd8 29. Nf4 Rxd2 30. Qc8+ Kh7 0-1

[Event "22nd ch-EUR Indiv 2022"]
[Site "Terme Catez SLO"]
[Date "2022.04.03"]
[Round "8.78"]
[White "Ortega Ruiz, Jose Miguel"]
[Black "Yilmazyerli, Mert"]
[Result "1/2-1/2"]
[WhiteTitle "FM"]
[BlackTitle "IM"]
[WhiteElo "2331"]
[BlackElo "2466"]
[WhiteFideId "2209713"]
[BlackFideId "6305962"]
[EventDate "2022.03.27"]

1. d4 g6 2. c4 Bg7 3. Nc3 d6 4. e4 e5 5. Nge2 Nc6 6. Be3 Nh6 7. d5 Ne7 8. f3 f5
9. Qd2 Nf7 10. O-O-O O-O 11. Kb1 c5 12. h4 f4 13. Bf2 a6 14. g3 b5 15. cxb5 axb5
16. Nxb5 Bd7 17. Nec3 Qa5 18. g4 Rfb8 19. a4 Nc8 20. b3 Nd8 21. Kc2 Nb7 22. Rb1
Qd8 23. h5 g5 24. Be2 Be8 25. Rhc1 Bf6 26. Kd1 Qd7 27. Na3 Bd8 28. Bb5 Qe7 29.
Bxe8 Qxe8 30. Ncb5 Qd7 31. Qe2 Ba5 32. Be1 Bxe1 33. Kxe1 Nb6 1/2-1/2

[Event "22nd ch-EUR Indiv 2022"]
[Site "Terme Catez SLO"]
[Date "2022.04.03"]
[Round "8.79"]
[White "Stremavicius, Pijus"]
[Black "Davtyan, Artur"]
[Result "0-1"]
[WhiteTitle "FM"]
[BlackTitle "IM"]
[WhiteElo "2320"]
[BlackElo "2460"]
[WhiteFideId "12812730"]
[BlackFideId "13308327"]
[EventDate "2022.03.27"]

1. b3 d5 2. Bb2 Bf5 3. d3 e6 4. Nd2 Nf6 5. g3 h6 6. Bg2 Bh7 7. e4 Be7 8. Nh3 a5
9. a4 O-O 10. O-O dxe4 11. dxe4 Nc6 12. Nf4 Bb4 13. c3 Bd6 14. Qe2 Bxf4 15. gxf4
Nh5 16. Qxh5 Qxd2 17. Ba3 Rfd8 18. Qf3 Rd3 19. Rfd1 Rxf3 20. Rxd2 Rxc3 21. Rd7
Rc8 22. Rb1 e5 23. f5 Nd4 24. Bf1 Nxf5 25. Bc4 Nd4 26. Bxf7+ Kh8 27. Bb2 Rd3 28.
Bxd4 Rxd4 29. Re7 Rxe4 30. f3 Rf4 31. Rc1 c6 32. Rxb7 Rf8 33. Bh5 e4 34. fxe4
Bxe4 35. Be2 R4f6 36. Rc3 Rf2 37. Bd3 Rg2+ 38. Kh1 Rg3+ 0-1

[Event "22nd ch-EUR Indiv 2022"]
[Site "Terme Catez SLO"]
[Date "2022.04.03"]
[Round "8.80"]
[White "Kaasen, Tor Fredrik"]
[Black "Langheinrich, Ferenc"]
[Result "1-0"]
[WhiteTitle "IM"]
[BlackTitle "IM"]
[WhiteElo "2460"]
[BlackElo "2351"]
[WhiteFideId "1516647"]
[BlackFideId "4641973"]
[EventDate "2022.03.27"]

1. d4 Nf6 2. c4 g6 3. g3 Bg7 4. Bg2 O-O 5. Nc3 c5 6. d5 d6 7. Nf3 e6 8. O-O exd5
9. cxd5 Re8 10. Bf4 Ne4 11. Nxe4 Rxe4 12. Nd2 Rb4 13. a3 Rxf4 14. gxf4 Bxb2 15.
Rb1 Bg7 16. Nc4 b6 17. e3 Ba6 18. Qa4 Bf8 19. Rfe1 Qf6 20. Bh3 Qh4 21. Kg2 f5
22. Rb3 Bxc4 23. Qxc4 Nd7 24. Qa4 c4 25. Qxc4 Nc5 26. Rb2 Bg7 27. Rc2 Rf8 28.
Qf1 g5 29. Kh1 Kh8 30. Bg2 gxf4 31. exf4 Qxf4 32. Qc4 Ne4 33. Bxe4 Be5 34. f3
fxe4 35. Qxe4 Qxf3+ 36. Qxf3 Rxf3 37. Rc7 Rd3 38. Rf1 Kg8 39. Rff7 Rd1+ 40. Kg2
Rd2+ 41. Kf3 Rd3+ 42. Kg2 Rxa3 43. Rfd7 Ra2+ 44. Kf3 Ra3+ 45. Kg4 Ra4+ 46. Kh5
Rf4 47. Rxa7 Rf5+ 48. Kg4 Rf8 49. Rxh7 b5 50. Rhb7 b4 51. h4 Rc8 52. Rxb4 Bg7
53. h5 Bf8 54. Kf5 Re8 55. Re4 Rb8 56. Rg4+ Kh8 57. Rg6 Rb1 58. Rf7 Bg7 59.
Rfxg7 Rf1+ 60. Ke6 Rf7 61. Rg8+ Kh7 62. Rh8+ 1-0

[Event "22nd ch-EUR Indiv 2022"]
[Site "Terme Catez SLO"]
[Date "2022.04.03"]
[Round "8.81"]
[White "Barbot, Pierre1"]
[Black "Levin, Guy"]
[Result "1/2-1/2"]
[WhiteTitle "IM"]
[BlackTitle "FM"]
[WhiteElo "2455"]
[BlackElo "2332"]
[WhiteFideId "663727"]
[BlackFideId "2824213"]
[EventDate "2022.03.27"]

1. d4 d5 2. c4 e6 3. Nc3 c5 4. cxd5 cxd4 5. Qxd4 Nc6 6. Qd1 exd5 7. Qxd5 Bd7 8.
e3 Nf6 9. Qd1 Bc5 10. Nf3 Qe7 11. Be2 O-O-O 12. O-O g5 13. a3 g4 14. Nd2 Kb8 15.
Nc4 h5 16. b4 Be6 17. Qc2 Bxc4 18. Bxc4 Bd6 19. Nb5 Be5 20. Bb2 h4 21. Nd4 1/2-1/2

[Event "22nd ch-EUR Indiv 2022"]
[Site "Terme Catez SLO"]
[Date "2022.04.03"]
[Round "8.82"]
[White "Kanyamarala, Tarun"]
[Black "Maksimovic, Bojan"]
[Result "0-1"]
[WhiteTitle "FM"]
[BlackTitle "IM"]
[WhiteElo "2325"]
[BlackElo "2455"]
[WhiteFideId "45004714"]
[BlackFideId "14408120"]
[EventDate "2022.03.27"]

1. d4 Nf6 2. c4 g6 3. Nc3 Bg7 4. e4 d6 5. Nf3 O-O 6. Be3 Na6 7. Qc2 e5 8. dxe5
dxe5 9. Rd1 Qe8 10. h3 c6 11. Be2 Nh5 12. c5 Nf4 13. Bxf4 exf4 14. Bxa6 bxa6 15.
O-O Rb8 16. Rfe1 Rb4 17. b3 Bxc3 18. Qxc3 Rxe4 19. Qf6 Qe6 20. Qxe6 Rxe6 21.
Rxe6 Bxe6 22. Rd6 Bd5 23. Nd4 Rc8 24. Rd7 Re8 25. Rxa7 Re1+ 26. Kh2 Rd1 27. Ne2
Rd2 28. Nxf4 Be4 29. Rxa6 Rxf2 30. Kg3 Rc2 31. Ra4 f5 32. Ne6 Bd5 33. Ra8+ Kf7
34. Ng5+ Kf6 35. Nf3 Rxc5 36. Kf4 h6 37. h4 Rc2 38. Ne5 g5+ 0-1

[Event "22nd ch-EUR Indiv 2022"]
[Site "Terme Catez SLO"]
[Date "2022.04.03"]
[Round "8.83"]
[White "Van Dael, Siem"]
[Black "Kosakowski, Jakub"]
[Result "1-0"]
[WhiteTitle "FM"]
[BlackTitle "IM"]
[WhiteElo "2307"]
[BlackElo "2452"]
[WhiteFideId "1049771"]
[BlackFideId "1185080"]
[EventDate "2022.03.27"]

1. e4 c5 2. Nf3 d6 3. d4 cxd4 4. Nxd4 Nf6 5. Nc3 a6 6. Be3 e5 7. Nb3 Be7 8. f3
Be6 9. Qd2 h5 10. O-O-O Nbd7 11. Kb1 Rc8 12. f4 b5 13. Bd3 Qc7 14. h3 h4 15.
Rhe1 Nb6 16. Bxb6 Qxb6 17. Nd5 Qd8 18. Qb4 Nd7 19. Na5 Nc5 20. Bf1 exf4 21. Nxf4
O-O 22. Nb3 Nxb3 23. axb3 Qc7 24. Bd3 Bf6 25. e5 Bxe5 26. Nxe6 fxe6 27. Qxh4 Rf6
28. Qh7+ Kf7 29. g4 Rh6 30. Qe4 Qc6 31. Qe2 Ke7 32. Rf1 Rf6 33. Rxf6 Bxf6 34. h4
Be5 35. Rf1 Rf8 36. Rxf8 Kxf8 37. Qf2+ Ke7 38. Qa7+ Kd8 39. Qb8+ Qc8 40. Qb6+
Kd7 41. Bg6 Qa8 42. Ka2 d5 43. Bf7 Bd6 44. Qe3 e5 45. Qg5 Kc6 46. Qd2 Kd7 47.
Bxd5 Qd8 48. g5 Qb6 49. Be4 Qd4 50. Qe2 Ke7 51. h5 Qg1 52. h6 gxh6 53. gxh6 Ke6
54. h7 1-0

[Event "22nd ch-EUR Indiv 2022"]
[Site "Terme Catez SLO"]
[Date "2022.04.03"]
[Round "8.84"]
[White "Aizenberg, Benny"]
[Black "Petenyi, Tamas"]
[Result "1-0"]
[WhiteTitle "FM"]
[BlackTitle "IM"]
[WhiteElo "2297"]
[BlackElo "2451"]
[WhiteFideId "2821125"]
[BlackFideId "14909090"]
[EventDate "2022.03.27"]

1. e4 Nc6 2. d4 d6 3. Nc3 g6 4. f4 Bg7 5. Nf3 Bg4 6. d5 Nd4 7. Be3 c5 8. dxc6
Nxc6 9. Bc4 Nf6 10. h3 Bxf3 11. Qxf3 O-O 12. O-O Rc8 13. Bb3 e5 14. Rad1 exf4
15. Bxf4 Ne8 16. Be3 Ne5 17. Qf2 b6 18. Bd4 Kh8 19. Nd5 Nc7 20. Nf6 Qe7 21. Qh4
h5 22. Bxe5 dxe5 23. Rd7 Bxf6 24. Qxf6+ Qxf6 25. Rxf6 Nb5 26. Rfxf7 Rxf7 27.
Rxf7 Nd4 28. c3 Ne2+ 29. Kf2 Nf4 30. Kg3 g5 31. Rf5 h4+ 32. Kg4 Rc6 33. Rxe5 Nd3
34. Rxg5 Nxb2 35. e5 Nd3 36. e6 Rc7 37. Kxh4 Nf4 38. Rg4 Ne2 39. Kg5 Kg7 40.
Kf5+ Kf8 41. e7+ 1-0

[Event "22nd ch-EUR Indiv 2022"]
[Site "Terme Catez SLO"]
[Date "2022.04.03"]
[Round "8.85"]
[White "Gokerkan, Cem Kaan"]
[Black "Roebers, Eline"]
[Result "1-0"]
[WhiteTitle "IM"]
[WhiteElo "2445"]
[BlackElo "2331"]
[WhiteFideId "6336760"]
[BlackFideId "1058401"]
[EventDate "2022.03.27"]

1. e4 c5 2. Nf3 e6 3. c3 Nf6 4. e5 Nd5 5. d4 cxd4 6. cxd4 d6 7. Bc4 Be7 8. O-O
O-O 9. Qe2 b6 10. Bxd5 exd5 11. Rd1 Na6 12. Nc3 Nc7 13. h3 Bf5 14. Bf4 Re8 15.
Rac1 a6 16. Ne1 dxe5 17. Qxe5 Ne6 18. Qxf5 Nxf4 19. Qxf4 Bg5 20. Qf5 Bxc1 21.
Rxc1 Rc8 22. Rd1 1-0

[Event "22nd ch-EUR Indiv 2022"]
[Site "Terme Catez SLO"]
[Date "2022.04.03"]
[Round "8.86"]
[White "Stella, Andrea"]
[Black "Sorm, Daniel"]
[Result "1-0"]
[WhiteTitle "GM"]
[BlackTitle "FM"]
[WhiteElo "2444"]
[BlackElo "2323"]
[WhiteFideId "827061"]
[BlackFideId "5400139"]
[EventDate "2022.03.27"]

1. d4 Nf6 2. c4 e6 3. Nf3 d5 4. g3 dxc4 5. Bg2 Nc6 6. Qa4 Bb4+ 7. Bd2 Nd5 8.
Bxb4 Nxb4 9. O-O Rb8 10. Na3 O-O 11. Qb5 b6 12. Qxc4 Ba6 13. Nb5 Qd5 14. Qxd5
Nxd5 15. a4 Rbc8 16. Rac1 Bb7 17. Ne5 Nxe5 18. dxe5 c5 19. Nd6 Rb8 20. Nxb7 Rxb7
21. Rfd1 Rc8 22. Bxd5 exd5 23. Rxd5 Kf8 24. f4 Ke7 25. Kf2 a6 26. Ke3 h5 27. Rc2
Rc6 28. Ke4 Rg6 29. e3 h4 30. gxh4 Rg4 31. a5 Rg6 32. h5 Rh6 33. axb6 Rhxb6 34.
Rdxc5 Rxb2 35. Rxb2 Rxb2 36. Rc7+ Kf8 37. Rc8+ Ke7 38. Rc7+ Kf8 39. h4 Rh2 40.
Rc8+ Ke7 41. Rc7+ Kf8 42. h6 gxh6 43. Kf5 Rb2 44. Rc6 a5 45. Kf6 Rb8 46. Ra6 Kg8
47. f5 Rf8 48. Rxa5 Kh7 49. Ra7 Kg8 50. e4 h5 51. Rb7 1-0

[Event "22nd ch-EUR Indiv 2022"]
[Site "Terme Catez SLO"]
[Date "2022.04.03"]
[Round "8.87"]
[White "Tutisani, Noe"]
[Black "Hasanzade, Toghrul"]
[Result "1-0"]
[WhiteTitle "IM"]
[BlackTitle "IM"]
[WhiteElo "2442"]
[BlackElo "2297"]
[WhiteFideId "13602853"]
[BlackFideId "13407716"]
[EventDate "2022.03.27"]

1. c4 Nf6 2. Nc3 e6 3. d4 Bb4 4. f3 c5 5. d5 b5 6. e4 d6 7. Ne2 bxc4 8. Nf4 e5
9. Ne2 Nbd7 10. h4 Nb6 11. Kf2 Bd7 12. h5 h6 13. g4 Qe7 14. Ng3 O-O-O 15. Qc2
Bxc3 16. Qxc3 g6 17. a4 gxh5 18. a5 Na8 19. Qxc4 Nc7 20. Nf5 Bxf5 21. gxf5 Rdg8
22. Be3 Nd7 23. b4 h4 24. Rc1 Kd8 25. bxc5 dxc5 26. Bxc5 Qxc5+ 27. Qxc5 Nxc5 28.
Rxc5 Kd7 29. f6 Rb8 30. Bh3+ 1-0

[Event "22nd ch-EUR Indiv 2022"]
[Site "Terme Catez SLO"]
[Date "2022.04.03"]
[Round "8.88"]
[White "Sousa, Andre Ventura"]
[Black "Bilovil, Bogdan"]
[Result "0-1"]
[WhiteTitle "IM"]
[WhiteElo "2429"]
[BlackElo "2272"]
[WhiteFideId "1917617"]
[BlackFideId "14168766"]
[EventDate "2022.03.27"]

1. e4 c5 2. Nf3 d6 3. Bb5+ Nd7 4. d4 cxd4 5. Qxd4 a6 6. Bxd7+ Qxd7 7. Nc3 Qc6 8.
e5 e6 9. Be3 d5 10. O-O-O Bd7 11. Qd3 Rc8 12. Nd4 Qc4 13. f4 Ne7 14. Kd2 g6 15.
g4 h5 16. h3 Qxd3+ 17. cxd3 Nc6 18. Nb3 g5 19. d4 gxf4 20. Bxf4 hxg4 21. hxg4
Rg8 22. Rdg1 Bb4 23. Be3 Na7 24. Rh7 Nb5 25. Rf1 Nxc3 26. bxc3 Rxc3 27. a3 Rxb3+
28. axb4 Rxg4 29. Rfxf7 Rg2+ 30. Bf2 Bb5 31. Kc2 Ba4 32. Kd2 Rb2+ 33. Ke3 Rb3+
34. Kd2 Bb5 35. Kc2 Ra3 36. Kb2 Rh3 37. Re7+ Kd8 0-1

[Event "22nd ch-EUR Indiv 2022"]
[Site "Terme Catez SLO"]
[Date "2022.04.03"]
[Round "8.89"]
[White "Ben Ari, Yannay"]
[Black "Kochavi, Ori"]
[Result "1-0"]
[WhiteTitle "FM"]
[BlackTitle "FM"]
[WhiteElo "2417"]
[BlackElo "2253"]
[WhiteFideId "2815222"]
[BlackFideId "2816873"]
[EventDate "2022.03.27"]

1. d4 Nf6 2. c4 e6 3. Nc3 Bb4 4. e3 O-O 5. Bd3 d5 6. cxd5 exd5 7. a3 Bd6 8. Qc2
a6 9. Nge2 Re8 10. O-O b6 11. b4 Bb7 12. Rb1 Ra7 13. f3 c5 14. bxc5 bxc5 15.
dxc5 Bf8 16. Nd4 Bxc5 17. Ncb5 Bxd4 18. Nxd4 Nbd7 19. Bd2 Ne5 20. Be2 Qa8 21.
Rfc1 Rc8 22. Qa4 Nfd7 23. Bc3 g6 24. f4 Nc5 25. Qd1 Ne4 26. Ba1 Nc4 27. Nc2 Ncd2
28. Rb6 Bc6 29. Bd3 Rd7 30. Bxe4 Nxe4 31. Qd4 f6 32. Rbb1 a5 33. Ne1 Bb7 34. h3
Rdc7 35. Rxc7 Rxc7 36. Qb6 Qc8 37. Kh2 Bc6 38. Qxa5 Kf7 39. Nf3 Ba8 40. Nd4 Rc5
41. Qa7+ Rc7 42. Qa5 Rc5 43. Qa7+ Rc7 44. Qb6 h5 45. a4 h4 46. Nf3 Rb7 47. Qa6
Qc7 48. Rxb7 Bxb7 49. Qa7 g5 50. a5 Ng3 51. Bb2 Kg6 52. a6 Qc2 53. Qd4 Ne4 54.
axb7 g4 55. Nxh4+ Kh5 56. hxg4+ 1-0

[Event "22nd ch-EUR Indiv 2022"]
[Site "Terme Catez SLO"]
[Date "2022.04.03"]
[Round "8.90"]
[White "Royal, Shreyas"]
[Black "Kilgus, Georg"]
[Result "1-0"]
[WhiteTitle "FM"]
[BlackTitle "IM"]
[WhiteElo "2296"]
[BlackElo "2415"]
[WhiteFideId "448869"]
[BlackFideId "1606212"]
[EventDate "2022.03.27"]

1. d4 Nf6 2. c4 e6 3. Nf3 d5 4. g3 Bb4+ 5. Bd2 Be7 6. Bg2 O-O 7. O-O Nbd7 8. Qc2
c6 9. Bf4 a5 10. Rd1 h6 11. b3 b6 12. Nc3 Ba6 13. Ne5 Nxe5 14. Bxe5 Rc8 15. e4
Nd7 16. Bf4 dxc4 17. Qe2 Bb4 18. Rac1 b5 19. bxc4 bxc4 20. e5 f5 21. exf6 Qxf6
22. Ne4 Qe7 23. Qg4 Kh8 24. Nc5 Nxc5 25. dxc5 Bxc5 26. Be4 Rf6 27. Kh1 Qf7 28.
f3 Rf8 29. Be5 Rf5 30. Bxf5 exf5 31. Qf4 Qe6 32. Re1 Qg6 33. Rcd1 Re8 34. Bc3
Rxe1+ 35. Rxe1 Bd6 36. Qd4 Bb7 37. Re6 1-0

[Event "22nd ch-EUR Indiv 2022"]
[Site "Terme Catez SLO"]
[Date "2022.04.03"]
[Round "8.91"]
[White "Globus, Or"]
[Black "Marn, Jan"]
[Result "1/2-1/2"]
[WhiteTitle "FM"]
[BlackTitle "FM"]
[WhiteElo "2414"]
[BlackElo "2232"]
[WhiteFideId "2816776"]
[BlackFideId "14619245"]
[EventDate "2022.03.27"]

1. d4 Nf6 2. c4 g6 3. Nc3 d5 4. cxd5 Nxd5 5. e4 Nxc3 6. bxc3 Bg7 7. Bb5+ c6 8.
Ba4 O-O 9. Ne2 b5 10. Bb3 Bb7 11. h4 c5 12. h5 Bxe4 13. f3 Bd5 14. hxg6 hxg6 15.
Bh6 c4 16. Qd2 cxb3 17. Bxg7 Kxg7 18. Qh6+ Kf6 19. Qf4+ Kg7 20. Qh6+ Kf6 21.
Qh4+ Kg7 22. Qh6+ 1/2-1/2

[Event "22nd ch-EUR Indiv 2022"]
[Site "Terme Catez SLO"]
[Date "2022.04.03"]
[Round "8.92"]
[White "Palczert, Matyas"]
[Black "Damjanovic, Vuk"]
[Result "1/2-1/2"]
[BlackTitle "FM"]
[WhiteElo "2284"]
[BlackElo "2409"]
[WhiteFideId "784958"]
[BlackFideId "980021"]
[EventDate "2022.03.27"]

1. e4 c5 2. Nf3 d6 3. d4 cxd4 4. Nxd4 Nf6 5. Nc3 g6 6. Be3 Bg7 7. f3 Nc6 8. Qd2
h5 9. O-O-O Bd7 10. Bc4 Na5 11. Bd3 Rc8 12. Kb1 a6 13. h3 h4 14. f4 Rh5 15. f5
gxf5 16. Nxf5 Bxf5 17. exf5 Nc4 18. Bxc4 Rxc4 19. Qd3 Qc8 20. Rhf1 b5 21. Bd4
Kf8 22. g4 hxg3 23. Qxg3 Rxd4 24. Rxd4 Qc5 25. Rh4 Rxh4 26. Qxh4 b4 27. Nd1 a5
28. Qf4 a4 29. Qe3 Qa5 30. Re1 Nd5 31. Qe4 a3 32. Ne3 Nf6 33. Qh1 axb2 34. Rg1
b3 35. cxb3 Qc3 36. Nc2 d5 37. Qh2 d4 38. Qg3 d3 39. Qxg7+ Ke8 40. Qg2 Ne4 41.
Rd1 Kf8 42. Ne1 d2 43. Nc2 Qd3 44. Kxb2 Qc3+ 45. Kb1 Qd3 46. Qf1 Nc3+ 47. Kb2
Ne2 48. Rxd2 Qc3+ 49. Kb1 Qxd2 50. Qe1 Nc3+ 51. Kb2 Nd1+ 52. Kb1 Nc3+ 1/2-1/2

[Event "22nd ch-EUR Indiv 2022"]
[Site "Terme Catez SLO"]
[Date "2022.04.03"]
[Round "8.93"]
[White "Krastev, Alexander"]
[Black "Lozynskyi, Bohdan"]
[Result "1-0"]
[WhiteTitle "FM"]
[WhiteElo "2409"]
[BlackElo "2201"]
[WhiteFideId "12989983"]
[BlackFideId "14182602"]
[EventDate "2022.03.27"]

1. e4 e5 2. Nc3 Nc6 3. Bc4 Nf6 4. d3 h6 5. a3 d6 6. Nge2 g5 7. Be3 Be6 8. Qd2
Qd7 9. O-O-O O-O-O 10. Nd5 Bg7 11. f3 Kb8 12. g4 Ne7 13. Nxe7 Qxe7 14. Qa5 b6
15. Qb4 c6 16. d4 Bxc4 17. Qxc4 d5 18. Qxc6 Rc8 19. Qa4 dxe4 20. Ng3 Nd5 21. Nf5
Qc7 22. Bf2 Bf8 23. fxe4 Nf4 24. dxe5 Qxe5 25. Rd7 Rc7 26. Rxc7 Qxc7 27. Rd1 a5
28. Qe8+ 1-0

[Event "22nd ch-EUR Indiv 2022"]
[Site "Terme Catez SLO"]
[Date "2022.04.03"]
[Round "8.94"]
[White "Dobrovoljc, Vid"]
[Black "Krzywda, Andrzej"]
[Result "1-0"]
[WhiteTitle "FM"]
[BlackTitle "CM"]
[WhiteElo "2406"]
[BlackElo "2152"]
[WhiteFideId "14609843"]
[BlackFideId "1114565"]
[EventDate "2022.03.27"]

1. e4 e5 2. Nf3 Nf6 3. d4 Nxe4 4. Bd3 d5 5. Nxe5 Bd6 6. O-O O-O 7. c4 c6 8. cxd5
cxd5 9. Nc3 Nxc3 10. bxc3 Nd7 11. Bf4 Qf6 12. Bg3 Nb6 13. Qb1 h5 14. h4 Rd8 15.
a4 Rb8 16. a5 Nd7 17. Qd1 Qh6 18. Qf3 Nf6 19. Bf4 Qh8 20. Rfe1 Ra8 21. Rab1 Bf8
22. Bg5 Rd6 23. c4 b6 24. c5 bxc5 25. dxc5 Rd8 26. Rbc1 a6 27. c6 Bb4 28. Rf1
Re8 29. Bf4 Bxa5 30. Nd7 Nxd7 31. Qxd5 Nf6 32. Qxa5 Be6 33. Bg5 g6 34. Rfe1 Ng4
35. Qa1 Qg7 36. c7 a5 37. Qxg7+ Kxg7 38. f3 Nf6 39. Bb5 Rec8 40. Be3 Nd5 41.
Bd4+ Kf8 42. Bc6 Nxc7 43. Bxa8 Nxa8 44. Rxc8+ Bxc8 45. Rb1 Nc7 46. Rb8 1-0

[Event "22nd ch-EUR Indiv 2022"]
[Site "Terme Catez SLO"]
[Date "2022.04.03"]
[Round "8.95"]
[White "Pasti, Aron"]
[Black "Katkov, Michelle"]
[Result "1/2-1/2"]
[WhiteTitle "FM"]
[BlackTitle "WFM"]
[WhiteElo "2398"]
[BlackElo "2149"]
[WhiteFideId "785857"]
[BlackFideId "2816393"]
[EventDate "2022.03.27"]

1. e4 e5 2. Nf3 Nc6 3. Bb5 a6 4. Ba4 Nf6 5. O-O Nxe4 6. d4 b5 7. Bb3 d5 8. dxe5
Be6 9. c3 Bc5 10. Nbd2 O-O 11. Bc2 Nxf2 12. Rxf2 f6 13. Nf1 Bxf2+ 14. Kxf2 fxe5
15. Kg1 Qd7 16. Bg5 e4 17. Nd4 Nxd4 18. cxd4 Bg4 19. Qd2 Rf7 20. Ne3 Raf8 21.
Bh4 Qe6 22. Bb3 c6 23. Rc1 Qg6 24. Bg3 h5 25. Qe1 Bd7 26. h4 Bg4 27. Kh2 Kh8 28.
Qc3 Bd7 29. Bd1 Qh6 30. Qd2 Kh7 31. Rc3 g5 32. hxg5 Qxg5 33. Qe1 Rg8 34. Rc2 Rg6
35. Bh4 Qf4+ 36. g3 Qh6 37. Rf2 Rgg7 38. Ng2 Bg4 39. Bxg4 hxg4 40. Rf4 Rxf4 41.
Nxf4 Qd6 42. Qe2 Qh6 43. Kg2 Kg8 44. Kf2 Qd6 45. Kg2 Qf8 46. Qc2 Rc7 47. Kh2 Rh7
48. Ng2 Rc7 49. Qd2 Qg7 50. Nf4 Rf7 51. Qe2 Qxd4 52. Qxg4+ Qg7 53. Qc8+ Kh7 54.
Ne6 Qxb2+ 55. Kh3 Qf2 56. Ng5+ Kg7 57. Nxf7 Qf1+ 58. Kh2 1/2-1/2

[Event "22nd ch-EUR Indiv 2022"]
[Site "Terme Catez SLO"]
[Date "2022.04.03"]
[Round "8.96"]
[White "Bauer, Thomas"]
[Black "Bukal, Vladimir Jr."]
[Result "0-1"]
[WhiteTitle "CM"]
[BlackTitle "IM"]
[WhiteElo "2224"]
[BlackElo "2391"]
[WhiteFideId "1639293"]
[BlackFideId "14502941"]
[EventDate "2022.03.27"]

1. e4 e6 2. d4 d5 3. Nd2 c5 4. exd5 exd5 5. Ngf3 Nf6 6. Bb5+ Bd7 7. Bxd7+ Nbxd7
8. O-O Be7 9. dxc5 Nxc5 10. Nb3 Nce4 11. Be3 O-O 12. Bd4 Re8 13. Qd3 Bd6 14. c3
h6 15. Rad1 Qd7 16. Rfe1 Qa4 17. Nc1 Bc7 18. Nh4 Ng4 19. Nf3 Qc6 20. h3 Ngf6 21.
Be3 g5 22. Ne2 Qa4 23. a3 a6 24. Nh2 Qd7 25. Bd4 Qd6 26. Nf1 Rad8 27. Qf3 h5 28.
Nfg3 h4 29. Nf1 Qe6 30. Qd3 Nh5 31. f3 Nd6 32. Neg3 hxg3 33. Rxe6 Rxe6 34. Be3
Nf4 35. Qb1 Rxe3 36. Nxe3 Bb6 37. Rd4 Re8 38. Nc2 Re2 39. Ne1 Nf5 40. Kh1 Bxd4
41. cxd4 Rf2 42. Nc2 Rxg2 43. Ne1 Rh2+ 44. Kg1 Nxh3+ 45. Kf1 Ne3# 0-1

[Event "22nd ch-EUR Indiv 2022"]
[Site "Terme Catez SLO"]
[Date "2022.04.03"]
[Round "8.97"]
[White "Lutsko, Artem"]
[Black "Valiyev, Shahin"]
[Result "0-1"]
[WhiteElo "2390"]
[BlackElo "1961"]
[WhiteFideId "14188767"]
[BlackFideId "13424203"]
[EventDate "2022.03.27"]

1. d4 d5 2. c4 e6 3. Nf3 Nf6 4. g3 Bb4+ 5. Bd2 Be7 6. Bg2 Nbd7 7. Qc2 c6 8. O-O
b6 9. Bf4 Bb7 10. Nc3 dxc4 11. Nd2 Nd5 12. Nxc4 Nxf4 13. gxf4 Rc8 14. Rfd1 O-O
15. f5 Qc7 16. fxe6 fxe6 17. Qe4 Rf6 18. Qe3 Rg6 19. Ne4 c5 20. Ng3 Bxg2 21.
Kxg2 h5 22. Qe4 Kh7 23. Kh1 cxd4 24. Qxd4 Bf6 25. Qxd7 Qxc4 26. Qd2 Qg4 27. Rg1
h4 28. f3 Qd4 29. Qxd4 Bxd4 30. Rgd1 Bxb2 31. Rab1 Rc2 32. Ne4 Rxe2 33. Rd2 Rxd2
34. Nxd2 Bd4 35. Nb3 e5 36. Rd1 Be3 37. Re1 Bf4 38. Re2 h3 0-1

[Event "22nd ch-EUR Indiv 2022"]
[Site "Terme Catez SLO"]
[Date "2022.04.03"]
[Round "8.98"]
[White "Easwaralingam, Adesh"]
[Black "Markoja, Boris"]
[Result "0-1"]
[BlackTitle "IM"]
[WhiteElo "2069"]
[BlackElo "2461"]
[WhiteFideId "1448552"]
[BlackFideId "14608502"]
[EventDate "2022.03.27"]

1. e4 e5 2. Nf3 Nc6 3. Bb5 a6 4. Ba4 b5 5. Bb3 Na5 6. O-O d6 7. c3 Nxb3 8. Qxb3
Be6 9. Qc2 Ne7 10. d4 Ng6 11. Ng5 Bc4 12. Rd1 f6 13. b3 Bg8 14. Nf3 Be6 15. Be3
Be7 16. c4 bxc4 17. d5 cxb3 18. axb3 Bd7 19. Rc1 O-O 20. Nbd2 Rc8 21. Rxa6 Qe8
22. Ra7 Bd8 23. Nc4 f5 24. exf5 Bxf5 25. Qd2 h6 26. b4 Ne7 27. Ne1 Rb8 28. Ra5
Qg6 29. f3 Bd7 30. Ba7 Rc8 31. Be3 Be8 32. Ra6 Rf6 33. Ra3 Qf7 34. Rd3 Bb5 35.
Bf2 c6 36. Ne3 Bxd3 37. Qxd3 Bb6 38. dxc6 Bxe3 39. Bxe3 Rxc6 40. Ra1 Qc4 41.
Qxc4+ Rxc4 42. b5 Rb4 43. Ra8+ Rf8 44. Ra6 Rb1 45. Kf1 Nf5 46. Bf2 Rd8 47. b6 d5
48. Ke2 Rb2+ 49. Kf1 e4 50. Bc5 Rb5 51. b7 Rxb7 52. g4 Nh4 53. fxe4 Rf7+ 54. Ke2
Re8 55. Ra4 dxe4 56. h3 Nf3 57. Ng2 Rc7 58. Bf2 Rc2+ 59. Ke3 Rec8 60. Ra3 Ne5
61. Ne1 Nc4+ 62. Kd4 Nxa3 0-1

[Event "22nd ch-EUR Indiv 2022"]
[Site "Terme Catez SLO"]
[Date "2022.04.03"]
[Round "8.99"]
[White "Kastelic, Marian"]
[Black "Sanikidze, Tornike"]
[Result "1/2-1/2"]
[WhiteTitle "FM"]
[BlackTitle "GM"]
[WhiteElo "2287"]
[BlackElo "2439"]
[WhiteFideId "14602245"]
[BlackFideId "13602608"]
[EventDate "2022.03.27"]

1. d4 Nf6 2. c4 e6 3. Nf3 d5 4. Nc3 dxc4 5. e3 a6 6. a4 b6 7. Bxc4 Bb7 8. O-O
Bb4 9. Qe2 Nbd7 10. Rd1 O-O 11. d5 exd5 12. Nxd5 Bd6 13. b3 Nxd5 14. Bxd5 Bxd5
15. Rxd5 Nc5 16. Qd1 Qf6 17. Ra2 Rad8 18. Rad2 Qc3 19. Ba3 Qxb3 20. Bxc5 Qxd1+
21. Rxd1 bxc5 22. Ne5 Rfe8 23. Nc4 Re4 24. Nxd6 Rxd6 25. Rxd6 cxd6 26. Rxd6 f5
27. Rxa6 f4 1/2-1/2